Posudzovanie ekotoxicity výrobkov spotrebnej chémie = Assessement of ecotoxicity of chemical consumer goods : Bakalárska práca

Salvato in:
Dettagli Bibliografici
Autore principale: Lanáková, Alexandra (Autore)
Altri autori: Škárka, Bohumil, 1933- (xxx)
Natura: Manoscritto Libro
Lingua:slovacco
Pubblicazione: Trnava : STU v Bratislave MTF UBEI, 2007
Soggetti:
Tags: Aggiungi Tag
Nessun Tag, puoi essere il primo ad aggiungerne!!

MARC

LEADER 00000ntm a22000003a 4500
001 stu145787
005 20160719155738.9
008 070924s2007----xo------------------slo-d
040 |a STU  |b slo 
041 0 |a slo 
044 |a xo 
100 1 |a Lanáková, Alexandra  |4 aut 
245 1 |a Posudzovanie ekotoxicity výrobkov spotrebnej chémie = Assessement of ecotoxicity of chemical consumer goods :  |b Bakalárska práca 
260 |a Trnava :  |b STU v Bratislave MTF UBEI,  |c 2007 
300 |a 71 s  |c 1 CD-ROM 
500 |a Odbor: Inžinierstvo životného prostredia 
650 7 |a ekotoxicita  |2 stusub 
650 7 |a bioindikátory  |2 stusub 
700 1 |a Škárka, Bohumil,  |d 1933-  |4 xxx  |u M390  |U MTF Materiálovotechnologická fakulta  |T MTF Katedra environmentálneho a bezpečnostného inžinierstva  |X 1525  |U M390  |Y 177  |7 A000001525 
996 |b 284M065972  |c M*BP-2427  |l MMSKP  |s P  |a 0  |w stu145787_0001